La Liga Sieger - Statistiken

Allgemein
  • Dieses Quiz wurde 718 mal gespielt
    405 seit der letzten Aktualisierung
  • Das Durchschnittsergebnis liegt bei 85 aus 94
Antwortstatistiken
Saison Meister % Korrekt
1931-1932 Real Madrid
100%
1932-1933 Real Madrid
100%
1953-1954 Real Madrid
100%
1954-1955 Real Madrid
100%
1956-1957 Real Madrid
100%
1957-1958 Real Madrid
100%
1960-1961 Real Madrid
100%
1961-1962 Real Madrid
100%
1962-1963 Real Madrid
100%
1963-1964 Real Madrid
100%
1964-1965 Real Madrid
100%
1966-1967 Real Madrid
100%
1967-1968 Real Madrid
100%
1968-1969 Real Madrid
100%
1971-1972 Real Madrid
100%
1974-1975 Real Madrid
100%
1975-1976 Real Madrid
100%
1977-1978 Real Madrid
100%
1978-1979 Real Madrid
100%
1979-1980 Real Madrid
100%
1985-1986 Real Madrid
100%
1986-1987 Real Madrid
100%
1987-1988 Real Madrid
100%
1988-1989 Real Madrid
100%
1989-1990 Real Madrid
100%
1994-1995 Real Madrid
100%
1996-1997 Real Madrid
100%
2000-2001 Real Madrid
100%
2002-2003 Real Madrid
100%
2006-2007 Real Madrid
100%
2007-2008 Real Madrid
100%
2011-2012 Real Madrid
100%
2016-2017 Real Madrid
100%
2019-2020 Real Madrid
100%
2021-2022 Real Madrid
100%
2023-2024 Real Madrid
100%
1928-1929 Barcelona
99%
1944-1945 Barcelona
99%
1947-1948 Barcelona
99%
1948-1949 Barcelona
99%
1951-1952 Barcelona
99%
1952-1953 Barcelona
99%
1958-1959 Barcelona
99%
1959-1960 Barcelona
99%
1973-1974 Barcelona
99%
1984-1985 Barcelona
99%
1990-1991 Barcelona
99%
1991-1992 Barcelona
99%
1992-1993 Barcelona
99%
1993-1994 Barcelona
99%
1997-1998 Barcelona
99%
1998-1999 Barcelona
99%
2004-2005 Barcelona
99%
2005-2006 Barcelona
99%
2008-2009 Barcelona
99%
2009-2010 Barcelona
99%
2010-2011 Barcelona
99%
2012-2013 Barcelona
99%
2014-2015 Barcelona
99%
2015-2016 Barcelona
99%
2017-2018 Barcelona
99%
2018-2019 Barcelona
99%
2022-2023 Barcelona
99%
2024-2025 Barcelona
99%
1939-1940 Atlético Aviación
92%
1940-1941 Atlético Aviación
92%
1949-1950 Atletico Madrid
92%
1950-1951 Atletico Madrid
92%
1965-1966 Atletico Madrid
92%
1969-1970 Atletico Madrid
92%
1972-1973 Atletico Madrid
92%
1976-1977 Atletico Madrid
92%
1995-1996 Atletico Madrid
92%
2013-2014 Atletico Madrid
92%
2020-2021 Atletico Madrid
92%
1941-1942 Valencia
84%
1943-1944 Valencia
84%
1946-1947 Valencia
84%
1970-1971 Valencia
84%
2001-2002 Valencia
84%
2003-2004 Valencia
84%
1945-1946 Sevilla
75%
1934-1935 Betis Sevilla
63%
1999-2000 Deportivo La Coruña
48%
1929-1930 Athletic Bilbao
46%
1930-1931 Athletic Bilbao
46%
1933-1934 Athletic Bilbao
46%
1935-1936 Athletic Bilbao
46%
1942-1943 Athletic Bilbao
46%
1955-1956 Athletic Bilbao
46%
1982-1983 Athletic Bilbao
46%
1983-1984 Athletic Bilbao
46%
1980-1981 Real Sociedad San Sebastián
44%
1981-1982 Real Sociedad San Sebastián
44%
Keine übereinstimmenden Quizze gefunden
Verteilung der Resultate
Anzahl Personen mit jedem Resultat
Perzentil nach korrekt beantworteten Fragen
Ihre Resultats-Entwicklung
Sie haben dieses Quiz seit der letzten Aktualisierung nicht gespielt